StelLive Members - Statistics

General Stats
  • This quiz has been taken 40 times
  • The average score is 10 of 11
Answer Stats
Hint Answer % Correct
1st - Mystic Airi Kanna
95%
3rd - Cliche Aokumo Rin
95%
2nd - Universe Arahashi Tabi
95%
2nd - Universe Neneko Mashiro
95%
2nd - Universe Shirayuki Hina
95%
3rd - Cliche Yuzuha Riko
95%
2nd - Universe Akane Lize
89%
1st - Everys Ayatsuno Yuni
89%
3rd - Cliche Hanako Nana
89%
1st - Everys Sakihane Huya
89%
3rd - Cliche Tenko Shibuki
84%
No matching quizzes found
Score Distribution
Percent of People with Each Score
Percentile by Number Answered
Your Score History
You have not taken this quiz